000 01392cam a2200361 a 4500
999 _c26746
_d26746
001 4906964
005 20170206104616.0
008 940616s1995 enka bc 000 0 eng
010 _a 94028172
020 _a052147521X (hardback)
020 _a0521475201 (pbk.)
040 _aDLC
_cDLC
_dDLC
043 _ae-uk-en
050 0 0 _aNK4085
_b.P55 1995
100 1 _aPoole, Julia.
245 1 0 _aEnglish pottery /
_cJulia E. Poole.
260 _aCambridge ;
_aNew York, NY, USA :
_bCambridge University Press,
_c1995.
300 _axii, 138 p. :
_bcol. ill. ;
_c25 cm.
440 0 _aFitzwilliam Museum handbooks
504 _aIncludes bibliographical references (p. 8.)
610 2 0 _aFitzwilliam Museum
_xCatalogs.
650 0 _aPottery, English
_xCatalogs.
650 0 _aPottery
_zEngland
_zCambridge
_xCatalogs.
710 2 _aFitzwilliam Museum.
942 _2lcc
_cBOOKS
_hNK4085 .P55 1995